00861 a2200169 4500003000500000005001700005040000900022082001200031245003700043300001000080505029200090650003000382942001200412999001900424952012400443952012400567Nust20230213124401.0 cNust a973,OUT aAn Outline of American History / a148:p aThe Colonial Period (Page-5), The Winning of Independence (Page-27), The Formation of a National Government (Page-46), Westward Expansion and Regional Differences (Page-65), Sectional Conflict (Page-81), The Era of Expansion and Reform (Page-102), America in the Modern World (Page-122). a American History9109008 2ddccBK c187583d187583 00102ddc4070aMCSbMCScGENd2016-12-12j4o973,OUTpMCS20767r2016-12-08w2016-12-12yBKzAlmirah No.62, Shelf No.6 00102ddc4070aMCSbMCScGENd2016-12-12j4o973,OUTpMCS22010r2016-12-08w2016-12-12yBKzAlmirah No.62, Shelf No.6